| 000 | 00518nam a22001337a 4500 | ||
|---|---|---|---|
| 999 |
_c39050 _d39050 |
||
| 020 | _a9780700701032 | ||
| 082 |
_a297.4 _bREL- |
||
| 245 |
_aReligion in South Asia: _bReligious Conversion and Revival Movements in south Asia in Medieval and Modern times _cBy G.A. Oddie |
||
| 260 |
_aNew Delhi : _bManohar, _c2023. |
||
| 300 | _aviii,204p. | ||
| 520 | _aReligion in South Asia: Religious Conversion and Revival Movements in South Asia in Medieval and Modern Times | ||
| 700 |
_aOddie, G,A. _eeditor. |
||
| 942 |
_2ddc _cBK |
||